Muros y migración México-Estados Unidos/
Guardado en:
| Hovedforfatter: | |
|---|---|
| Andre forfattere: | |
| Format: | Bog |
| Sprog: | Spanish |
| Tags: |
Tilføj Tag
Ingen Tags, Vær først til at tagge denne postø!
|
MARC
| LEADER | 00000nam a22000007a 4500 | ||
|---|---|---|---|
| 003 | cru IIS | ||
| 005 | 20220511062541.0 | ||
| 008 | 220510s2018 mx |||p|r|||| 00| 0 spa d | ||
| 040 | |c cru IIS | ||
| 100 | 1 | |a Arroyo Alejandre, Jesús |e Autor |9 10422 | |
| 245 | 1 | |a Muros y migración México-Estados Unidos/ |c Jesús Arroyo Alejandro, David Rodríguez Álvarez | |
| 300 | |a páginas 89-114: |b gráfico | ||
| 700 | 1 | |a Rodríguez Álvarez, David |e Autor |9 10423 | |
| 942 | |2 ddc |c PP | ||
| 999 | |c 44227 |d 44227 | ||
| 773 | 0 | |0 18818 |9 7059 |a Universidad Autónoma del Estado de México. Centro de Investigación y Estudios Avanados de la Población |o 22553 |t Papeles de Población / | |
